[Event "Mar de Ajo op 5th"]
[Site "Mar de Ajo"]
[Date "2023.11.12"]
[Round "6"]
[White "Villegas, Franco"]
[Black "Aguilar Samper, Valentin"]
[Result "1/2-1/2"]
[WhiteElo "2301"]
[BlackElo "2204"]
[PlyCount "110"]
[EventDate "2023.11.10"]
[EventType "swiss"]
[EventRounds "6"]
[EventCountry "ARG"]
[SourceTitle "CB46_2023"]
[SourceDate "2023.11.15"]
[SourceVersion "1"]
[SourceVersionDate "2023.11.15"]
[SourceQuality "1"]

1. e4 e6 2. d4 d5 3. Nd2 Be7 4. c3 c5 5. Ngf3 Nc6 6. Bd3 cxd4 7. cxd4 dxe4 8. Nxe4 Nf6 9. 0-0 0-0 10. Nxf6+ Bxf6 11. Be3 Nb4 12. Be4 Nd5 13. Qb3 b6 14. Qd3 h6 15. Qd2 Ba6 16. Rfe1 Re8 17. Ne5 Rc8 18. Rac1 Qe7 19. Rxc8 Rxc8 20. Ng4 Nxe3 21. Nxe3 Qd6 22. d5 Qe5 23. Ng4 Qxb2 24. Nxf6+ Qxf6 25. dxe6 fxe6 26. Bf3 Qc3 27. Qd1 Bc4 28. Re3 Qb2 29. a3 Bd5 30. Re1 Qb3 31. Bxd5 Qxd5 32. Qe2 Rc3 33. Rd1 Qc4 34. Qe5 Rc1 35. Qe1 Rxd1 36. Qxd1 b5 37. h4 b4 38. axb4 Qxb4 39. Qd8+ Qf8 40. Qd7 Qf7 41. Qd4 Kh7 42. h5 a5 43. g4 Qf3 44. Qc4 e5 45. Qc2+ e4 46. Qc8 Qd1+ 47. Kh2 Qd6+ 48. Kg1 Qe5 49. Qc6 Kg8 50. Qc8+ Kf7 51. Qd7+ Kf6 52. Qd8+ Ke6 53. Qe8+ Kd5 54. Qb5+ Kd4 55. Qb2+ Kd5 1/2-1/2

[Event "Mar del Plata op 51st"]
[Site "Mar del Plata"]
[Date "2022.04.10"]
[Round "3"]
[White "Aguilar Samper, Valentin"]
[Black "Flores, Diego"]
[Result "0-1"]
[WhiteElo "2147"]
[BlackElo "2562"]
[PlyCount "56"]
[EventDate "2022.04.09"]
[EventType "swiss"]
[EventRounds "9"]
[EventCountry "ARG"]
[SourceTitle "CBM 208 Extra"]
[Source "ChessBase"]
[SourceDate "2022.07.31"]
[SourceVersion "1"]
[SourceVersionDate "2022.07.31"]
[SourceQuality "1"]

1. c4 g6 2. g3 c5 3. Bg2 Bg7 4. Nc3 Nc6 5. a3 e6 6. Rb1 Nge7 7. b4 cxb4 8. axb4 d5 9. b5 Ne5 10. cxd5 exd5 11. Ba3 d4 12. Bxe7 Qxe7 13. Nd5 Qd8 14. b6 0-0 15. f4 Nc6 16. Nc7 Rb8 17. bxa7 Nxa7 18. Nb5 Nxb5 19. Rxb5 Bd7 20. Rxb7 Rxb7 21. Bxb7 Qa5 22. Be4 Re8 23. Qb1 Bb5 24. Bf3 d3 25. e4 Bd4 26. e5 Rc8 27. Be4 Qb4 28. Bxd3 Qxb1+ 0-1

[Event "ARG-ch sf 95th"]
[Site "Buenos Aires"]
[Date "2020.02.23"]
[Round "2"]
[White "Aguilar Samper, Valentin"]
[Black "Toniutti, Ezio"]
[Result "0-1"]
[WhiteElo "1946"]
[BlackElo "2281"]
[PlyCount "74"]
[EventDate "2020.02.22"]
[EventType "swiss"]
[EventRounds "9"]
[EventCountry "ARG"]
[SourceTitle "CBM 195 Extra"]
[Source "ChessBase"]
[SourceDate "2020.05.31"]
[SourceVersion "1"]
[SourceVersionDate "2020.05.31"]
[SourceQuality "1"]

1. c4 e5 2. Nf3 Nc6 3. d4 exd4 4. Nxd4 Nf6 5. g3 Bc5 6. Nxc6 bxc6 7. Bg2 0-0 8. 0-0 d5 9. Nc3 Bb7 10. Bg5 d4 11. Ne4 Be7 12. Bxf6 Bxf6 13. Nc5 Rb8 14. Qa4 Qe7 15. Qxa7 Ba8 16. Rab1 d3 17. exd3 Bd4 18. Qa4 Bxc5 19. a3 Bd4 20. b4 c5 21. Rfe1 Qf6 22. Re2 Bf3 23. Bxf3 Qxf3 24. Qc2 h5 25. Re4 Rfe8 26. Rbe1 Rxe4 27. Rxe4 Ra8 28. Rf4 Qb7 29. a4 Qxb4 30. Qd1 g6 31. Rxf7 Kxf7 32. Qf3+ Kg7 33. Qxa8 Qe1+ 34. Kg2 Qxf2+ 35. Kh3 Qf1+ 36. Qg2 Qf5+ 37. g4 Qxd3+ 0-1

[Event "Montevideo Duchamp Cup 4th"]
[Site "Montevideo"]
[Date "2020.02.13"]
[Round "7"]
[White "Aguilar Samper, Valentin"]
[Black "Dominguez, Facundo"]
[Result "0-1"]
[WhiteElo "1946"]
[BlackElo "2135"]
[PlyCount "66"]
[EventDate "2020.02.08"]
[EventType "swiss"]
[EventRounds "9"]
[EventCountry "URU"]
[SourceTitle "CBM 194 Extra"]
[Source "ChessBase"]
[SourceDate "2020.03.31"]
[SourceVersion "1"]
[SourceVersionDate "2020.03.31"]
[SourceQuality "1"]

1. c4 e5 2. g3 Nf6 3. Bg2 d5 4. cxd5 Nxd5 5. Nc3 Nb6 6. Nf3 Nc6 7. 0-0 Be7 8. Rb1 a5 9. d3 0-0 10. Be3 Be6 11. Bxb6 cxb6 12. Qa4 Qd6 13. a3 Rfd8 14. Nb5 Qd7 15. Rbc1 Rac8 16. Qd1 f6 17. Nd2 Nd4 18. Nxd4 Qxd4 19. Rxc8 Rxc8 20. Qb1 Qd7 21. Rc1 b5 22. Rc2 a4 23. Qc1 Rxc2 24. Qxc2 Qc8 25. Qd1 Bd7 26. Bd5+ Kf8 27. e4 g6 28. f4 Bh3 29. fxe5 Qc5+ 30. Kh1 Qf2 31. Qg1 Qxd2 32. exf6 Bxf6 33. g4 Bd4 0-1